000 00460nam a2200181Ia 4500
005 20250326125015.0
008 250326s9999 xx 000 0 und d
037 _aTextbook
040 _aFMSL
_beng
_cFMSL
041 _aeng
_2eng
084 _aX:8K L2
_qFMSL
100 _aGhosh P K
245 0 _aCost accounting
_cGhosh P K
260 _aDelhi
_bDelhi, National
_c1972
300 _a511p
942 _cTB
_hX:8K L2
999 _c1276140
_d1276140